| 000 | 00653nam a2200277Ia 4500 | ||
|---|---|---|---|
| 008 | 170711s9999 xx 000 0 und d | ||
| 020 | _a9780755319688 | ||
| 050 | _a796 | ||
| 050 | _bR316 2011 | ||
| 100 | _aRedgrave, Steve | ||
| 245 | _aGreat olympic moments / | ||
| 245 | _cby Steve Redgrave. | ||
| 250 | _aFirst edition | ||
| 260 | _aLondon : | ||
| 260 | _bHeadline, | ||
| 260 | _c2011 | ||
| 300 | _a188 pages : | ||
| 300 | _bcolor illustrations ; | ||
| 300 | _c25cm. | ||
| 650 | _aOlympic -- | ||
| 650 | _aOlympic athletes -- | ||
| 650 | _aOlympic athletes. | ||
| 650 | _xHistory. | ||
| 650 | _xHistory. | ||
| 700 | _aTitle. | ||
| 999 |
_c339561 _d339561 |
||